|
|
|
|
| LEADER |
00000nam a22000007i 4500 |
| 001 |
IT\ICCU\MOD\1416388 |
| 003 |
ItRI |
| 005 |
20251009185819.0 |
| 008 |
070914s2007 it |||||| ||||| |||||c |
| 020 |
|
|
|a 9788876418075
|
| 040 |
|
|
|b ita
|c ct
|
| 041 |
|
7 |
|a ita
|2 ISO-639-2
|
| 082 |
|
|
|a 843
|2 22
|
| 100 |
1 |
|
|a Schmitt, Éric-Emmanuel
|0 IT\ICCU\UFIV\121842
|4 aut
|
| 240 |
1 |
3 |
|a La rivale.
|9 Schmitt, Éric-Emmanuel
|
| 245 |
1 |
3 |
|a La rivale :
|b un racconto su Maria Callas /
|c Eric-Emmanuel Schmitt ; in appendice una discografia essenziale ; traduzione dal francese di Alberto Bracci Testasecca.
|
| 260 |
|
|
|a Roma :
|b E/O,
|c [2007]
|
| 300 |
|
|
|a 82 p. ;
|c 18 cm.
|
| 700 |
1 |
|
|a Bracci Testasecca, Alberto
|0 IT\ICCU\LO1V\258015
|4 trl
|
| 830 |
|
0 |
|a Assolo
|0 IT\ICCU\RAV\1270282
|
| 942 |
|
|
|2 ddc
|c BK
|
| 952 |
|
|
|0 0
|1 0
|2 ddc
|4 0
|6 B_LNR02SCHERRIV11
|7 0
|9 7373
|a MI
|b MI
|d 2010-05-05
|i 5990
|l 0
|o B-LNR02-SCHER-RIV11
|p CDOM5990
|r 2025-07-13 16:28:00
|w 2025-07-13
|x ACQUISTO
|y BK
|
| 981 |
|
1 |
|6 z01
|a i
|b xxxe
|
| 982 |
|
1 |
|6 z01
|a n
|
| 999 |
|
|
|c 6075
|d 6075
|